000 01169cam a2200349 4500
001 ABS64097
008 000000n2001 000 0 eng u
035 _a(Sirsi) u113477
100 _aCannon, J.
245 _aBuilding intelligence
260 _c2001
490 _aBuilding
_v266(8188) 15 June 2001, 80-87(8)
520 _aConstruction industry market analysis reporting on the future of PPPs in Europe, UK construction orders, housing finance and the workloads of contractors and master builders. Includes breakdowns by region, sector and sub-sector. Graphs, tables.
590 _aABS
650 _aBUILDERS
650 _aCOMMERCIAL SECTOR
650 _aCONSTRUCTION MARKET
650 _aCONSTRUCTION ORDERS
650 _aCONTRACTORS
650 _aEUROPE
650 _aHOUSING FINANCE
650 _aINDUSTRIAL SECTOR
650 _aInfrastructure
_96246
650 _aOUTPUT
650 _aPUBLIC PRIVATE PARTNERSHIPS
650 _aPRIVATE-PUBLIC PARTNERSHIPS
650 _aPUBLIC PRIVATE PARTNERSHIPS
650 _aPUBLIC PRIVATE PARTNERSHIPS
650 _aWORKLOADS
690 _aBUILT ENVIRONMENT-CONSTRUCTION MARKET
942 _n0
999 _c67605
_d67605